Song Titles: Missing Names - 1980's - Statistics

General Stats
  • This quiz has been taken 267 times
  • The average score is 10 of 25
Answer Stats
Artist Song Title % Correct
Dire Straits {Romeo} and Juliet
96%
Dexy's Midnight Runners Come On {Eileen}
91%
OMD {Joan} Of Arc
91%
Bananarama {Robert} De Niro's Waiting
90%
Special AKA {Nelson} Mandela
84%
Paul Simon You Can Call Me {Al}
84%
Bow Wow Wow I Want {Candy}
69%
Christopher Cross {Arthur}'s Theme (Best That You Can Do)
60%
Pogues And The Band Played Waltzing {Matilda}
59%
ABC When {Smokey} Sings
49%
Vanessa Paradis {Joe} Le Taxi
33%
Shakin' Stevens Oh {Julie}
26%
Madness Uncle {Sam}
26%
Smiths {Sheila} Take A Bow
17%
Reynolds Girls I'd Rather {Jack}
16%
Deacon Blue {Fergus} Sings The Blues
12%
KLF Kylie Said To {Jason}
12%
Pink Floyd Not Now {John}
12%
Ian Dury Profoundly In Love With {Pandora}
8%
Half Man Half Biscuit {Dickie} Davies Eyes
6%
Sisters Of Mercy {Lucretia} My Reflection
6%
Scritti Politti + Miles Davis Oh {Patti} (Don't Feel Sorry For Loverboy)
4%
Gil Scott-Heron Re-{Ron}
3%
Undertones There Goes {Norman}
3%
Pixies {Tony}'s Theme
2%
No matching quizzes found
Score Distribution
Percent of People with Each Score
Percentile by Number Answered
Your Score History
You have not taken this quiz